Exposición a la inflación (Registro nro. 17263)

Detalles MARC
000 -LEADER
fixed length control field 00362 a2200121 4500
001 - CONTROL NUMBER
control field ART_2294
005 - DATE AND TIME OF LATEST TRANSACTION
control field 20260410161724.0
008 - FIXED-LENGTH DATA ELEMENTS--GENERAL INFORMATION
fixed length control field 260409a
100 1# - MAIN ENTRY--PERSONAL NAME
Personal name Marcel, Alberto E.
245 10 - TITLE STATEMENT
Title Exposición a la inflación
700 1# - ADDED ENTRY--PERSONAL NAME
Personal name Herrscher, Enrique G.
773 0# - HOST ITEM ENTRY
Title Administración de empresas
Related parts - Año XVII, Nº 193 (abr. 1986)
Record control number REV2036

No hay ítems disponibles.